Responses for Show #3380 - Friday, April 23, 1999

Contestants

[<< previous game]

Lindsay Peet, a plumbing contractor from Studio City, California

Roberta Berg, a musician from Los Angeles, California

Edgar Smith, Jr., a math instructor from Houston, Texas (whose 2-day cash winnings total $21,608)

[next game >>]

Jeopardy! Round responses

RUSSIAN HEADS OF STATE
THE BRITISH INVASION
LET'S EAT ITALIAN!
AMERICAN LITERATURE
CANADIAN BORN
MANY "COUNTRY"s
    $100 6
Mikhail Gorbachev

Lindsay
    $100 11
Rolling Stones

Edgar
    $100 5
antipasto

Lindsay
    $100 13
Henry David Thoreau

Lindsay
    $100 1
Peter Jennings

Edgar
    $100 19
a country mile

Edgar
    $200 7
Czar Nicholas II

Roberta
    $200 18
Herman's Hermits

Triple Stumper
    $200 22
angel hair pasta

Roberta
    $200 14
(Roberta: What is... um...)

"Twas' the Night Before Christmas"

Roberta
Triple Stumper
    $200 2
Pamela Anderson Lee

Edgar
    $200 20
a country cousin

Roberta
    $300 8
Vladimir Lenin

Roberta
    $300 25
Sex Pistols

Lindsay
    $300 23
Gorgonzola

Roberta
    $300 15
Henry Wadsworth Longfellow

Lindsay
    $500 3
(Edgar: What is Montreal?)

Toronto

Edgar
    $300 21
a country club

Lindsay
    $400 9
Nikita Khrushchev

Lindsay
    $400 26
The Kinks

Lindsay
    $400 24
(Alex: And we have a minute to go.)

gnocchi

Lindsay
    $400 16
Old Yeller

Lindsay
    $400 4
Colleen Dewhurst

Roberta
    $400 29
[The end-of-round signal sounds.]

Country Joe

Lindsay
    $500 10
(Roberta: Who is Boris Godunov?)

Ivan the Terrible

Roberta
Triple Stumper
    $500 27
(Lindsay: Who are The Beatles?)

The Tornados

Lindsay
Triple Stumper
    $500 28
spumoni

Roberta
    $500 17
Edward Everett Hale

Triple Stumper
    $500 12
Marshall McLuhan

Triple Stumper

Scores at the first commercial break (after clue 14):

Edgar Roberta Lindsay
-$100 $200 $700

Scores at the end of the Jeopardy! Round:

Edgar Roberta Lindsay
$0 $1,400 $2,700

Double Jeopardy! Round responses

1945
A CINEMATIC TRIP TO VEGAS
ASTRONOMY
WEATHER TERMS
THE FATHERS OF...
(Alex: You have to identify the individual.)
FILE UNDER "M"
    $200 5
United Nations

Edgar
    $200 30
(Alex: Nicolas Cage helped out a lot in that category!)

Leaving Las Vegas

Lindsay
    $200 3
Pluto

Edgar
    $200 11
wind

Roberta
    $200 12
Clarence Birdseye

Edgar
    $200 1
money

Edgar
    $400 9
Yalta

Roberta
    $400 29
Con Air

Edgar
    $400 8
Orion

Edgar
    $400 18
pea soup

Roberta
    $400 20
James Naismith

Edgar
    $400 2
the Monitor & the Merrimac

Lindsay
    $600 10
George S. Patton

Roberta
    $600 28
Honeymoon in Vegas

Edgar
    $1,512 15
comets

Lindsay
    $600 19
snow

Lindsay
    $600 21
Hippocrates

Edgar
    $600 4
Military Police

Lindsay
    $800 13
Cannery Row

Lindsay
    $800 27
Swingers

Edgar
    $800 16
(Edgar: What is a reflecting telescope?)

a radio telescope

EdgarLindsay
    $800 24
(Alex: Less than a minute to go.)

Heat

Triple Stumper
    $2,000 22
Thomas Nast

Edgar
    $800 6
Memorial Day

Edgar
    $1000 14
Eddie Slovik

Lindsay
    $1000 26
Ocean's Eleven

Roberta
    $1000 17
Ptolemy

Triple Stumper
    $1000 25
Rain Pryor

Edgar
    $1000 23
John Thompson

Lindsay
    $1000 7
Machu Picchu

Lindsay

Scores at the end of the Double Jeopardy! Round:

Edgar Roberta Lindsay
$7,000 $4,000 $10,612

[wagering suggestions for these scores]

Final Jeopardy! Round responses

THE NOBEL PRIZE
RobertaWho
$4,000
EdgarWho is Pauling?
$3,613
LindsayWho is Solzhenitsyn
$3,400
Dr. Albert Schweitzer

Final scores:

Edgar Roberta Lindsay
$3,387 $0 $7,212
2nd place: Intel Camera Pak, Dell Gift Certificate & Broyhill Home Office 3rd place: Daewoo Video System New champion: $7,212

Game dynamics:

Coryat scores:

Edgar Roberta Lindsay
$6,300 $4,000 $9,700
17 R
(including 1 DD),
2 W
(including 1 DD)
12 R,
2 W
21 R
(including 1 DD),
1 W

Combined Coryat: $20,000

[game clues] [game scores] [suggest correction]

Game tape date: 1999-02-17
The J! Archive is created by fans, for fans. Scraping, republication, monetization, and malicious use prohibited; this site may use cookies and collect identifying information. See terms. The Jeopardy! game show and all elements thereof, including but not limited to copyright and trademark thereto, are the property of Jeopardy Productions, Inc. and are protected under law. This website is not affiliated with, sponsored by, or operated by Jeopardy Productions, Inc. Join the discussion at JBoard.tv.